000
00279nam a2200121 a 4500
008
100922s1964|||| d
245
1
0
_a
Suchý september
100
1
_a
Faulkner, William
260
_b
SVKL
_a
Bratislava
_c
1964
020
_c
14,10
044
_a
xo
_c
SK
041
_a
slo
999
_c
10600
_d
10600